| 000 | 00422nam a2200181Ia 4500 | ||
|---|---|---|---|
| 001 | 1392 | ||
| 005 | 20260306143725.0 | ||
| 008 | 260306t1976||||xx |||||||||||||| ||spa|| | ||
| 041 | _aESP | ||
| 082 |
_a150.195 _bA13E |
||
| 100 |
_aAberastury, Arminda _eAUT |
||
| 245 | 0 | _aEl niño y sus Juegos | |
| 260 | _c1976 | ||
| 300 |
_a86 páginas : _c20 x 13 cm. |
||
| 650 | _aGEN | ||
| 654 | _aCPS | ||
| 942 |
_cLIB _dJUS _fJUS _2ddc _n |
||
| 999 |
_c1392 _d1392 |
||